Monografía del Renacimiento en Italia/ (Record no. 104810)

MARC details
000 -LEADER
campo de control de longitud fija 01152nam a2200349 i 4500
001 - NÚMERO DE CONTROL
campo de control MOR01000105137
003 - IDENTIFICADOR DE NÚMERO DE CONTROL
campo de control $$amxdfmo
005 - FECHA Y HORA DE LA ÚLTIMA TRANSACCIÓN
campo de control 20260331230822.0
008 - DATOS DE LONGITUD FIJA--INFORMACIÓN GENERAL
campo de control de longitud fija 171010s1967 dfma g 000 0 spa d
035 ## - NÚMERO DE CONTROL DEL SISTEMA
Número de control de sistema 171206
040 ## - FUENTE DE CATALOGACIÓN
Centro catalogador/agencia de origen mxcmmo
Lengua de catalogación spa
Centro/agencia transcriptor mxcmmo
Normas de descripción rda
041 0# - CÓDIGO DE IDIOMA
Código de lengua del texto/banda sonora o título independiente spa
043 ## - CÓDIGO DE ÁREA GEOGRÁFICA
Código de área geográfica e-it---
045 ## - PERIODO DE TIEMPO DEL CONTENIDO
Código de periodo de tiempo s5t9
082 04 - NÚMERO DE LA CLASIFICACIÓN DECIMAL DEWEY
Número de clasificación 945.05
Número de ítem ARA.m
100 1# - ENTRADA PRINCIPAL--NOMBRE DE PERSONA
Nombre de persona Aragón Osorio, Juan
Término indicativo de función/relación autor
9 (RLIN) 187494
245 10 - MENCIÓN DEL TÍTULO
Título Monografía del Renacimiento en Italia/
Mención de responsabilidad, etc. Juan Aragón Osorio ; prólogo Ramón Osorio y Carvajal
264 #1 - PRODUCCIÓN, PUBLICACIÓN, DISTRIBUCIÓN, FABRICACIÓN Y COPYRIGHT
Producción, publicación, distribución, fabricación y copyright [Lugar de publicación no identificado]:
Nombre del de productor, editor, distribuidor, fabricante [Editor no identificado],
Fecha de producción, publicación, distribución, fabricación o copyright [1967]
300 ## - DESCRIPCIÓN FÍSICA
Extensión 43 páginas:
Otras características físicas ilustraciones;
Dimensiones 23 cm
336 ## - TIPO DE CONTENIDO
Término de tipo de contenido texto
Código de tipo de contenido txt
Fuente rdacontent
337 ## - TIPO DE MEDIO
Nombre/término del tipo de medio sin medio
Código del tipo de medio n
Fuente rdamedia
338 ## - TIPO DE SOPORTE
Nombre/término del tipo de soporte volumen
Código del tipo de soporte nc
Fuente rdacarrier
561 0# - PROPIEDAD E HISTORIA DE CUSTODIA/NOTA DE PROCEDENCIA
Historial Fondo Miguel Castro Ruiz
650 #7 - PUNTO DE ACCESO ADICIONAL DE MATERIA--TÉRMINO DE MATERIA
Término de materia o nombre geográfico como elemento de entrada Renacimiento
Subdivisión geográfica Italia
Subdivisión general Historia
9 (RLIN) 93890
900 ## - ELEMENTOS DE DATOS A LOCAL, LDA (RLIN)
Nombre de persona CATY
Numeración 30
Títulos y otros términos asociados al nombre 20171030
Lenguaje de la obra MOR01
-- 1430
900 ## - ELEMENTOS DE DATOS A LOCAL, LDA (RLIN)
Nombre de persona KLASY
Numeración 30
Títulos y otros términos asociados al nombre 20171107
Lenguaje de la obra MOR01
-- 1012
900 ## - ELEMENTOS DE DATOS A LOCAL, LDA (RLIN)
Nombre de persona LUIS
Numeración 20
Títulos y otros términos asociados al nombre 20171010
Lenguaje de la obra MOR01
-- 1313
900 ## - ELEMENTOS DE DATOS A LOCAL, LDA (RLIN)
Nombre de persona LUIS
Numeración 20
Títulos y otros términos asociados al nombre 20171010
Lenguaje de la obra MOR01
-- 1313
900 ## - ELEMENTOS DE DATOS A LOCAL, LDA (RLIN)
Nombre de persona VOBO
Numeración 40
Títulos y otros términos asociados al nombre 20180903
Lenguaje de la obra MOR01
-- 1125
904 ## - ELEMENTOS DE DATOS D LOCAL, LDD (RLIN)
a UPDATE
942 ## - ELEMENTOS DE ENTRADA SECUNDARIOS (KOHA)
Código de la institución [OBSOLETO] BK
901 ## - ELEMENTOS DE DATOS A LOCAL LDA (RLIN)
a batch batch
Holdings
Estatus retirado Estado de pérdida Fuente del sistema de clasificación o colocación Estado de daño No para préstamo Colección Biblioteca de origen Biblioteca actual Ubicación en estantería Fecha de adquisición Fuente de adquisición Número de inventario Total de préstamos Signatura topográfica completa Código de barras Visto por última vez Precio de reemplazo Tipo de ítem Koha
    Clasificación Decimal Dewey     Fondo Miguel Castro Biblioteca Nicolas Poussin Biblioteca Nicolas Poussin Regular 30/10/2017   131989   (GC)/945.05 ARA.m 33068001362274 03/09/2024 03/09/2024 Libro préstamo regular